D Day Omaha Beach (Record no. 43543)

MARC details
000 -LEADER
fixed length control field 00997cam a2200337 i 4500
001 - CONTROL NUMBER
control field 18138824
005 - DATE AND TIME OF LATEST TRANSACTION
control field 20250416171608.0
008 - FIXED-LENGTH DATA ELEMENTS--GENERAL INFORMATION
fixed length control field 140505s2011 enkab b 001 0 eng
010 ## - LIBRARY OF CONGRESS CONTROL NUMBER
LC control number 2014395001
020 ## - INTERNATIONAL STANDARD BOOK NUMBER
International Standard Book Number 9780752459158
041 ## - LANGUAGE CODE
Language code of text/sound track or separate title eng
042 ## - AUTHENTICATION CODE
Authentication code pcc
043 ## - GEOGRAPHIC AREA CODE
Geographic area code e-fr---
082 00 - DEWEY DECIMAL CLASSIFICATION NUMBER
Classification number 940.5421 BAD
100 1# - MAIN ENTRY--PERSONAL NAME
Author Badsey, Stephen.
245 10 - TITLE STATEMENT
Title D Day Omaha Beach
250 ## - EDITION STATEMENT
Edition statement [2011 edition].
260 ## - PUBLICATION, DISTRIBUTION, ETC.
Place UK
Publisher The History Press
Publication Year 2011
300 ## - PHYSICAL DESCRIPTION
Extent 192 pages : 24 cm
504 ## - BIBLIOGRAPHY, ETC. NOTE
Bibliography, etc. note Includes bibliographical references (pages 187-189) and index.
650 #0 - SUBJECT ADDED ENTRY--TOPICAL TERM
Subject Operation Neptune.
650 #0 - SUBJECT ADDED ENTRY--TOPICAL TERM
Subject World War, 1939-1945
700 1# - ADDED ENTRY--PERSONAL NAME
Co-Author Bean, Tim.
942 ## - ADDED ENTRY ELEMENTS (KOHA)
Koha item type Books
264 #1 - PRODUCTION, PUBLICATION, DISTRIBUTION, MANUFACTURE, AND COPYRIGHT NOTICE
Place of production, publication, distribution, manufacture Stroud, Gloucestershire :
Name of producer, publisher, distributor, manufacturer The History Press,
Date of production, publication, distribution, manufacture, or copyright notice 2011.
336 ## - CONTENT TYPE
Content type term text
Content type code txt
Source rdacontent
337 ## - MEDIA TYPE
Media type term unmediated
Media type code n
Source rdamedia
338 ## - CARRIER TYPE
Carrier type term volume
Carrier type code nc
Source rdacarrier
906 ## - LOCAL DATA ELEMENT F, LDF (RLIN)
a 7
b cbc
c orignew
d 2
e ncip
f 20
g y-gencatlg
Holdings
Withdrawn status Lost status Source of classification or shelving scheme Damaged status Not for loan Home library Current library Shelving location Accession Date Vendor Price Bill number Total Checkouts Full call number Barcode No Date last seen Date last checked out Discount Bill Date Koha item type Suggested By
    Dewey Decimal Classification     IMTN IMTN Rack 41-B 03/28/2025 Raghav Books Private Limited 1111.89 2374 1 940.5421 BAD 33888 07/02/2025 07/02/2025 33 02/14/2025 Books Mr. Shridhar Rao (IT)
Designed & Maintained by: LRC IMT Nagpur Contact: lrc@imtnag.ac.in© 2024. All Rights Reserved.